00241nam a2200097Ia 4500008004100000100001400041245002800055260003600083942000700119999001700126190216s9999||||xx |||||||||||||| ||und|| aBalaraman 0aVidyarthi Hindi Rechana bCalicut University Publications cBK c26789d26789